[Event "World Rapid Women 2019"]
[Site "Moscow RUS"]
[Date "2019.12.28"]
[Round "11.22"]
[White "Galliamova, Alisa"]
[Black "Yakimova, Mariya"]
[Result "1-0"]
[WhiteTitle "IM"]
[BlackTitle "WFM"]
[WhiteElo "2438"]
[BlackElo "2288"]
[WhiteFideId "4129725"]
[BlackFideId "34188859"]
[EventDate "2019.12.26"]

1. d4 Nf6 2. c4 c5 3. dxc5 e6 4. Nf3 Bxc5 5. e3 O-O 6. a3 a5 7. Nc3 Nc6 8. Be2
d5 9. cxd5 exd5 10. Nb5 Bg4 11. O-O Qb6 12. Nc3 Rad8 13. Na4 Qa7 14. Nxc5 Qxc5
15. h3 Bh5 16. Bd2 Rfe8 17. Bc3 Ne4 18. Bd4 Nxd4 19. Nxd4 Bxe2 20. Qxe2 Ng3 21.
fxg3 Qxd4 22. Rae1 Qe5 23. Qb5 Qxg3 24. Qxb7 Rf8 25. Qb6 Rd6 26. Qxa5 Rg6 27.
Qxd5 Qxh3 28. Re2 Qh4 29. Rf4 Qg3 30. Qf3 Qg5 31. Rf2 Qe7 32. Re4 Qc7 33. Rf1 f6
34. Qe2 Rh6 35. Qc4+ Qxc4 36. Rxc4 Rd8 37. Rfc1 Rd2 38. R4c2 Rd3 39. Kf2 Rh5 40.
Ke2 Rdd5 41. Rc8+ Kf7 42. R8c7+ Kg6 43. R1c4 Rhg5 44. g4 Ra5 45. Rb4 h5 46.
gxh5+ Kxh5 47. Rbb7 g6 48. Rh7+ Kg4 49. Rh1 Rge5 50. Rg1+ Kf5 51. Rf1+ Kg5 52.
Rg7 Kh6 53. Rg8 f5 54. Rh1+ Kg5 55. Rg1+ Kf6 56. R8xg6+ Ke7 57. Rg7+ Kd6 58.
R1g6+ Kd5 59. Kd3 Ra8 60. Rd7+ Kc5 61. Rc7+ Kb5 62. Rb7+ Ka5 63. Rb4 Rd8+ 64.
Ke2 Rde8 65. Rg3 Rh8 66. Rg7 Ka6 67. Rg6+ Ka5 68. Rg3 Rhe8 69. Kd2 Rd5+ 70. Kc2
Rde5 71. Rg7 Ka6 72. Rg6+ Ka7 73. Rf6 Rc8+ 74. Kb1 Rd8 75. Rb3 Rde8 76. Ka2 Rc8
77. Rf7+ Ka6 78. Rfb7 Rc6 79. Rb8 Ka7 80. R8b5 Re4 81. Rxf5 Ka6 82. Rf4 Rce6 83.
Rxe4 Rxe4 84. Kb1 1-0

[Event "World Rapid Women 2019"]
[Site "Moscow RUS"]
[Date "2019.12.28"]
[Round "11.23"]
[White "Badelka, Olga"]
[Black "Novikova, Anna"]
[Result "1-0"]
[WhiteTitle "IM"]
[BlackTitle "WIM"]
[WhiteElo "2399"]
[BlackElo "2260"]
[WhiteFideId "13509926"]
[BlackFideId "4146794"]
[EventDate "2019.12.26"]

1. c4 e6 2. g3 d5 3. Bg2 Nf6 4. Nf3 Be7 5. b3 O-O 6. O-O c5 7. cxd5 Nxd5 8. Bb2
Nc6 9. Nc3 Bf6 10. Qc1 b6 11. Ne4 Bxb2 12. Qxb2 Bb7 13. Rfd1 Rc8 14. Rac1 Qe7
15. d4 cxd4 16. Nxd4 Nxd4 17. Qxd4 f5 18. Nd2 Rcd8 19. Qe5 Qf6 20. Qxf6 gxf6 21.
Nc4 Ba8 22. Bf3 Rd7 23. Kf1 Rfd8 24. Ke1 Kf8 25. Rd2 Ke7 26. Na3 a6 27. Nc4 b5
28. Na5 Ke8 29. a3 Rc7 30. Rxc7 Nxc7 31. Bxa8 Nxa8 32. Rc2 Kd7 33. Nb7 Rc8 34.
Rxc8 Kxc8 35. Nc5 Nc7 36. b4 Kd8 37. Kd2 Ke7 38. Kd3 Kd6 39. Kd4 Kc6 40. h4 e5+
41. Kd3 a5 42. e4 axb4 43. axb4 fxe4+ 44. Kxe4 Nd5 45. Nd3 Ne7 46. g4 Kd6 47. h5
h6 48. f4 exf4 49. Nxf4 Nc6 50. Nd5 Ke6 51. Nf4+ Kf7 52. Nd3 Ke6 53. Kf4 Nd4 54.
Nc5+ Kd6 55. Ne4+ Ke6 56. Nc5+ Kd6 57. Ke4 Nc6 58. Nd3 Ke6 59. Nf4+ Kd6 60. Nd5
Ke6 61. Nc7+ Kf7 62. Nxb5 Nxb4 63. Kf5 Nd5 64. Nd6+ Ke7 65. Ne4 Ne3+ 66. Kf4
Nd5+ 67. Kf3 Ke6 68. Ng3 Ne7 69. Ke4 Kf7 70. Nf5 Ng8 71. Kd5 Ke8 72. Ke6 Kf8 73.
Nd6 Kg7 74. Ne8+ Kf8 75. Nxf6 Ne7 76. Nh7+ Ke8 77. Kf6 Nc6 78. Kg7 Ne5 79. Nf6+
Kd8 80. Kxh6 Ke7 81. Kg7 Nf7 82. h6 1-0

[Event "World Rapid Women 2019"]
[Site "Moscow RUS"]
[Date "2019.12.28"]
[Round "11.24"]
[White "Maltsevskaya, Aleksandra"]
[Black "Goltseva, Ekaterina"]
[Result "1-0"]
[WhiteTitle "WGM"]
[BlackTitle "FM"]
[WhiteElo "2318"]
[BlackElo "2297"]
[WhiteFideId "24174041"]
[BlackFideId "24173770"]
[EventDate "2019.12.26"]

1. Nf3 d5 2. g3 Nf6 3. Bg2 e6 4. d3 c5 5. O-O g6 6. Nbd2 Bg7 7. e4 Nc6 8. exd5
Nxd5 9. Nc4 O-O 10. a4 b6 11. Re1 Bb7 12. a5 Nxa5 13. Nxa5 bxa5 14. Ne5 Rb8 15.
Nc4 Ba6 16. Nxa5 Qb6 17. Nc4 Bxc4 18. dxc4 Nb4 19. Qe2 Nc6 20. c3 Na5 21. Be3
Nb3 22. Ra4 Rfd8 23. Qc2 Qc7 24. Ra3 Qb6 25. Ra4 Qc7 26. h4 h5 27. Ra3 Qb6 28.
Bf3 Rd7 29. Rd1 Rxd1+ 30. Qxd1 Be5 31. Qc2 Kg7 32. Qe4 Bf6 33. Bd1 Nd2 34. Qf4
Qxb2 35. Rxa7 Qb1 36. Bxd2 Qxd1+ 37. Kg2 Qb1 38. Qc7 Qe4+ 39. Kh2 Rf8 40. Qxc5
Re8 41. Be3 Qd3 42. Qc6 Re7 43. Ra8 Bxc3 44. Qc8 Kh7 45. Qg8# 1-0

[Event "World Rapid Women 2019"]
[Site "Moscow RUS"]
[Date "2019.12.28"]
[Round "11.25"]
[White "Borisova, Ekaterina"]
[Black "Fataliyeva, Ulviyya"]
[Result "0-1"]
[WhiteTitle "FM"]
[BlackTitle "WGM"]
[WhiteElo "2344"]
[BlackElo "2387"]
[WhiteFideId "34124184"]
[BlackFideId "13403052"]
[EventDate "2019.12.26"]

1. d4 e6 2. c4 f5 3. g3 Nf6 4. Bg2 Be7 5. Nf3 d5 6. O-O Ne4 7. Nbd2 Nc6 8. Qc2
Bf6 9. e3 h5 10. b4 Nxb4 11. Qa4+ Nc6 12. Nxe4 fxe4 13. Ne5 Bd7 14. Nxd7 Qxd7
15. Ba3 Ne5 16. Qb3 Nxc4 17. Qxb7 Kf7 18. Bc5 h4 19. Rfc1 hxg3 20. hxg3 a5 21.
Qb3 Rab8 22. Qc3 Rb5 23. Qe1 Rxc5 24. dxc5 Bxa1 25. Rxa1 Qe7 26. Qc3 Qxc5 27.
Bf1 Qb4 28. Qc2 Qd2 29. Rc1 Ne5 30. Qxc7+ Kf6 31. Bg2 Qxa2 32. Qc3 Qc4 33. Qa1
Qb4 34. Rf1 Kf5 35. Rb1 Qd2 36. Rd1 Qe2 37. Re1 Nf3+ 38. Bxf3 Qxf3 0-1

[Event "World Rapid Women 2019"]
[Site "Moscow RUS"]
[Date "2019.12.28"]
[Round "11.26"]
[White "Assaubayeva, Bibisara"]
[Black "Guichard, Pauline"]
[Result "1/2-1/2"]
[WhiteTitle "FM"]
[BlackTitle "IM"]
[WhiteElo "2375"]
[BlackElo "2408"]
[WhiteFideId "13708694"]
[BlackFideId "639370"]
[EventDate "2019.12.26"]

1. d4 Nf6 2. c4 e6 3. Nf3 d5 4. Nc3 dxc4 5. e4 Bb4 6. Bg5 c5 7. Bxc4 cxd4 8.
Nxd4 Bxc3+ 9. bxc3 Qa5 10. Nb5 Nxe4 11. Qd4 O-O 12. Qxe4 a6 13. Be7 axb5 14. Bb4
Qc7 15. Bd3 f5 16. Qe2 Na6 17. O-O Nxb4 18. cxb4 Qc3 19. Rab1 Qa3 20. Bxb5 Qxa2
21. Qe5 Qd5 22. Qxd5 exd5 23. Rfe1 Kf7 24. Re5 Rd8 25. Rbe1 Kf6 26. Re7 Ra1 27.
f4 Rxe1+ 28. Rxe1 Be6 29. Kf2 Ke7 30. Ra1 d4 31. Bd3 g6 32. Ra7 Bd5 33. h3 Ke6
34. g4 Rc8 35. Ra5 fxg4 36. hxg4 Rc3 37. Ke2 Rb3 38. f5+ gxf5 39. gxf5+ Kd6 40.
f6 Rb2+ 41. Ke1 Bf7 42. Rb5 Kc6 43. Re5 Rb3 44. Be4+ Kd6 45. Re7 Re3+ 46. Kd2
Bg6 47. Bxg6 hxg6 48. Rxb7 Rf3 49. f7 g5 50. Rb5 g4 51. Rg5 Rxf7 52. Rxg4 Kd5
53. Rg3 Kc4 54. b5 Rf2+ 55. Kd1 Rb2 56. Ra3 Kxb5 57. Kc1 Rh2 58. Kd1 Kc4 59. Rg3
Rf2 60. Rh3 Ra2 61. Rg3 Ra1+ 62. Kd2 Ra2+ 63. Kd1 Rh2 64. Rf3 Kd5 65. Ra3 Ke4
66. Rb3 Rh8 67. Kd2 Rh1 68. Rg3 Rh2+ 69. Kd1 Rf2 70. Ra3 Rf3 71. Rxf3 Kxf3 72.
Kd2 Ke4 73. Ke2 d3+ 74. Kd2 Kd4 75. Kd1 Kc4 76. Kd2 Kd4 77. Kd1 Ke3 78. Ke1 d2+
79. Kd1 Kd3 1/2-1/2

[Event "World Rapid Women 2019"]
[Site "Moscow RUS"]
[Date "2019.12.28"]
[Round "11.27"]
[White "Hejazipour, Mitra"]
[Black "Sargsyan, Anna M."]
[Result "0-1"]
[WhiteTitle "WGM"]
[BlackTitle "WIM"]
[WhiteElo "2277"]
[BlackElo "2382"]
[WhiteFideId "12505951"]
[BlackFideId "13308130"]
[EventDate "2019.12.26"]

1. d4 d5 2. Nf3 Nf6 3. c4 c6 4. e3 Bg4 5. h3 Bh5 6. Nc3 e6 7. g4 Bg6 8. Ne5 Nbd7
9. Nxg6 hxg6 10. Bd2 Bd6 11. Qf3 Bb4 12. Bd3 Qe7 13. g5 Bxc3 14. Bxc3 Ne4 15.
Bxe4 dxe4 16. Qg4 Nb6 17. b3 a5 18. a4 Nc8 19. h4 Nd6 20. c5 Nf5 21. Qxe4 Qc7
22. b4 axb4 23. Bxb4 Rh5 24. a5 Kd7 25. Ke2 Rah8 26. a6 bxa6 27. Rxa6 Rxh4 28.
Rxh4 Rxh4 29. Qd3 Rh8 30. Ba5 Qb7 31. Rb6 Qa8 32. Qb3 Rc8 33. Rb7+ Ke8 34. Qb6
Ne7 35. e4 f5 36. f3 Kf7 37. Ke3 Re8 38. Kf4 Kg8 39. Ra7 Qc8 40. Qc7 fxe4 41.
fxe4 e5+ 42. Kg3 Qe6 43. Qxe5 Qb3+ 44. Kg2 Rf8 45. Qg3 Qc2+ 46. Kh3 Qxe4 47. Kh2
Qe2+ 48. Kh3 Rf3 0-1

[Event "World Rapid Women 2019"]
[Site "Moscow RUS"]
[Date "2019.12.28"]
[Round "11.28"]
[White "Sgircea, Silvia-Raluca"]
[Black "Ambartsumova, Karina"]
[Result "0-1"]
[WhiteTitle "WIM"]
[BlackTitle "IM"]
[WhiteElo "2271"]
[BlackElo "2341"]
[WhiteFideId "1213776"]
[BlackFideId "4166299"]
[EventDate "2019.12.26"]

1. Nf3 Nf6 2. c4 g6 3. d4 Bg7 4. g3 O-O 5. Bg2 d6 6. O-O c6 7. Nc3 Bf5 8. Nd2 e5
9. d5 Qd7 10. dxc6 Nxc6 11. Nde4 Nxe4 12. Nxe4 Rad8 13. Bg5 f6 14. Be3 Kh8 15.
Qd2 Be6 16. Rfd1 Bxc4 17. Nxd6 Qc7 18. Qc2 Bxe2 19. Qxe2 Rxd6 20. Rxd6 Qxd6 21.
Bxc6 Qxc6 22. Bxa7 f5 23. Be3 f4 24. Bd2 Qc2 25. Qe1 Qxb2 26. Rb1 Qxa2 27. Rxb7
Qd5 28. Rc7 Rd8 29. Bb4 Qf3 30. Rc1 e4 31. Bc3 e3 32. Bxg7+ Kxg7 33. fxe3 fxe3
34. Qc3+ Kh6 35. Qb4 Qf2+ 36. Kh1 Qf3+ 37. Kg1 Rd1+ 38. Rxd1 Qxd1+ 39. Kg2 Qd2+ 0-1

[Event "World Rapid Women 2019"]
[Site "Moscow RUS"]
[Date "2019.12.28"]
[Round "11.29"]
[White "Shafigullina, Zarina"]
[Black "Mkrtchian, Lilit"]
[Result "0-1"]
[WhiteTitle "WFM"]
[BlackTitle "IM"]
[WhiteElo "2269"]
[BlackElo "2395"]
[WhiteFideId "24174220"]
[BlackFideId "13300601"]
[EventDate "2019.12.26"]

1. Nf3 c5 2. g3 Nc6 3. c4 g6 4. Bg2 Bg7 5. O-O e5 6. Nc3 Nge7 7. d3 d6 8. Rb1
O-O 9. a3 a5 10. Ne1 Be6 11. Nc2 d5 12. cxd5 Nxd5 13. Ne3 Nde7 14. Ne4 b6 15.
Nc4 Rb8 16. Bd2 a4 17. Ng5 Bd7 18. b3 axb3 19. Qxb3 Nd4 20. Qd1 Bc6 21. Ne4 f5
22. Nc3 Bxg2 23. Kxg2 b5 24. Ne3 b4 25. axb4 cxb4 26. Na2 f4 27. Nc4 Nxe2 28. f3
Qxd3 29. Nb2 Qb5 30. Bxb4 Nd5 31. Bd2 e4 32. Na4 exf3+ 33. Kh3 Qd7+ 34. g4 h5
35. Rg1 0-1

[Event "World Rapid Women 2019"]
[Site "Moscow RUS"]
[Date "2019.12.28"]
[Round "11.30"]
[White "Bykova, Anastasia"]
[Black "Kulon, Klaudia"]
[Result "1/2-1/2"]
[WhiteTitle "WFM"]
[BlackTitle "IM"]
[WhiteElo "2247"]
[BlackElo "2345"]
[WhiteFideId "4164970"]
[BlackFideId "1131044"]
[EventDate "2019.12.26"]

1. d4 d5 2. c4 e6 3. g3 c6 4. Nf3 dxc4 5. Bg2 Nf6 6. O-O b5 7. a4 Bb7 8. Ne5 Qc8
9. b3 cxb3 10. Qxb3 a6 11. Ba3 Nd5 12. Bxf8 Rxf8 13. e4 Nb6 14. axb5 axb5 15.
Rxa8 Bxa8 16. d5 N6d7 17. Nxd7 Nxd7 18. dxe6 Nc5 19. exf7+ Rxf7 20. Qa3 Na6 21.
e5 c5 22. Bxa8 Qxa8 23. Nc3 Qc6 24. Qa5 b4 25. Nb5 Rd7 26. Nd6+ Ke7 27. Qa2 c4
28. Nxc4 Qe6 29. Qe2 Nc5 30. Nd6 g6 31. Qe3 Qd5 32. Qf4 Qe6 33. Qxb4 Nd3 34. Qa3
Nxe5 35. Ne4+ Ke8 36. Nc5 Qe7 37. Qa8+ Rd8 38. Qa4+ Kf8 39. Qa3 Ke8 40. Qe3 Rd5
41. Ne4 Rd3 42. Qe2 Ra3 43. f4 Ng4 44. Nd6+ Kf8 45. Qxe7+ Kxe7 46. Ne4 Ra2 47.
h3 Nf6 48. Ng5 h6 49. Nf3 Nh5 50. Rf2 Ra3 51. Kg2 Kf6 52. Rb2 Kg7 53. Rb7+ Kg8
54. Rb8+ Kg7 55. Rb7+ Kg8 56. Rb2 Ng7 57. Ne5 Nf5 58. g4 Nh4+ 59. Kh2 Nf3+ 60.
Nxf3 Rxf3 61. Rb4 h5 62. gxh5 gxh5 63. Kg2 Ra3 64. Rb5 Kg7 65. Rxh5 Kf6 66. Rb5
Kg6 67. Rg5+ Kh6 68. Rg8 Rb3 69. Rg5 Ra3 70. Rc5 Kg6 71. Rg5+ Kh6 1/2-1/2

[Event "World Rapid Women 2019"]
[Site "Moscow RUS"]
[Date "2019.12.28"]
[Round "11.31"]
[White "Pourkashiyan, Atousa"]
[Black "Dauletova, Gulmira"]
[Result "1-0"]
[WhiteTitle "WGM"]
[BlackTitle "WIM"]
[WhiteElo "2305"]
[BlackElo "2250"]
[WhiteFideId "12502014"]
[BlackFideId "13702971"]
[EventDate "2019.12.26"]

1. e4 c5 2. Nf3 e6 3. d4 cxd4 4. Nxd4 Nc6 5. Nc3 Qc7 6. Be2 a6 7. Be3 Nf6 8. O-O
Be7 9. f4 d6 10. Kh1 O-O 11. Qe1 Nxd4 12. Bxd4 b5 13. a3 Bb7 14. Qg3 Rad8 15.
Rae1 Bc6 16. Bd3 Qd7 17. Nd1 g6 18. f5 Nh5 19. Qf2 exf5 20. exf5 Bf6 21. Bxf6
Nxf6 22. Qd4 Nh5 23. Ne3 Qb7 24. Kg1 Ng7 25. Ng4 Bxg2 26. Nf6+ Kh8 27. Qh4 h5
28. Qg5 Nxf5 29. Rxf5 Kg7 30. Nxh5+ Kh7 31. Re7 Qxe7 32. Qxe7 gxf5 33. Bxf5+ Kh6
34. Nf4 Rg8 35. Qf6+ 1-0

[Event "World Rapid Women 2019"]
[Site "Moscow RUS"]
[Date "2019.12.28"]
[Round "11.32"]
[White "Guseva, Marina"]
[Black "Strutinskaia, Galina"]
[Result "1-0"]
[WhiteTitle "IM"]
[BlackTitle "WGM"]
[WhiteElo "2373"]
[BlackElo "2214"]
[WhiteFideId "4149351"]
[BlackFideId "4108558"]
[EventDate "2019.12.26"]

1. d4 e6 2. c4 f5 3. g3 Nf6 4. Bg2 Be7 5. Nf3 O-O 6. O-O d6 7. Nc3 Qe8 8. Re1
Ne4 9. Qc2 Qg6 10. Be3 c6 11. b4 Nd7 12. b5 Nxc3 13. Qxc3 cxb5 14. cxb5 Nb6 15.
Qb3 Bd7 16. Nd2 d5 17. Bf4 Rfc8 18. Rec1 Qe8 19. a4 Rxc1+ 20. Rxc1 Rc8 21. Ra1
Nc4 22. Nf3 Qd8 23. h3 h6 24. g4 g5 25. Be5 f4 26. e3 fxe3 27. fxe3 Be8 28. Qd3
Bf7 29. Bg3 Qe8 30. Ne5 Nxe5 31. Bxe5 Bg6 32. e4 Qd8 33. Qe3 Rc4 34. exd5 exd5
35. a5 Bf7 36. Rf1 Qd7 37. Qf3 Be6 38. Bf6 Bb4 39. a6 b6 40. Be5 Be7 41. Qd3 Qe8
42. Re1 Bb4 43. Rf1 Be7 44. Bf6 Bb4 45. Qe3 Rc8 46. h4 Bf7 47. Be5 Rc3 48. Qf2
Be7 49. h5 Be6 50. Qd2 Qc8 51. Qf2 Rc2 52. Qg3 Rc3 53. Qf2 Rc2 54. Qf3 Rc3 55.
Qd1 Rc2 56. Qd3 Bf7 57. Rxf7 Rxg2+ 58. Kxg2 Qxg4+ 59. Kf1 Qxh5 60. Qh7# 1-0

[Event "World Rapid Women 2019"]
[Site "Moscow RUS"]
[Date "2019.12.28"]
[Round "11.33"]
[White "Protopopova, Anastasiya"]
[Black "Manakova, Maria"]
[Result "1-0"]
[WhiteTitle "WFM"]
[BlackTitle "WGM"]
[WhiteElo "2230"]
[BlackElo "2238"]
[WhiteFideId "24172073"]
[BlackFideId "927007"]
[EventDate "2019.12.26"]

1. d4 Nf6 2. c4 e6 3. g3 c5 4. d5 exd5 5. cxd5 d6 6. Nc3 g6 7. Bg2 Bg7 8. Nf3
O-O 9. O-O a6 10. a4 Nbd7 11. Bf4 Qe7 12. Re1 Ng4 13. Bg5 f6 14. Bd2 Rb8 15. a5
b5 16. axb6 Nxb6 17. h3 Ne5 18. Nxe5 fxe5 19. Ra2 Nc4 20. Bc1 Rb4 21. b3 Nb6 22.
Ba3 Rd4 23. Qc1 c4 24. b4 e4 25. e3 Rd3 26. Nxe4 Bxh3 27. Bxh3 Qxe4 28. Bg2 Qe5
29. Bb2 c3 30. Ba1 Nxd5 31. Ra5 Qe6 32. Qb1 Rd2 33. Bxd5 Rxd5 34. Qa2 Re5 35.
Bxc3 Qxa2 36. Rxa2 Ref5 37. Bxg7 Kxg7 38. Rd1 d5 39. Rdd2 R8f6 40. Ra5 Rb6 41.
Rd4 Re5 42. Raxd5 Rxd5 43. Rxd5 Rxb4 44. Rd7+ Kh6 45. Ra7 Rb6 46. Kg2 g5 47. f4
gxf4 48. gxf4 Kg6 49. e4 h5 50. Kg3 Rb3+ 51. Kh4 Rb6 52. Ra8 Rc6 53. Rg8+ Kf7
54. Rg5 Rc1 55. Ra5 Rc4 56. Re5 Kg6 57. f5+ Kf7 58. Kxh5 a5 59. Kg5 a4 60. Kf4
a3 61. Ra5 Rc3 62. Ra7+ Kf8 63. e5 Rb3 64. Kg5 Rb5 65. Kf6 1-0

[Event "World Rapid Women 2019"]
[Site "Moscow RUS"]
[Date "2019.12.28"]
[Round "11.34"]
[White "Bivol, Alina"]
[Black "Tomilova, Elena"]
[Result "1/2-1/2"]
[WhiteTitle "WGM"]
[BlackTitle "WGM"]
[WhiteElo "2374"]
[BlackElo "2341"]
[WhiteFideId "4100123"]
[BlackFideId "4162340"]
[EventDate "2019.12.26"]

1. c4 c5 2. g3 g6 3. Bg2 Bg7 4. Nf3 Nc6 5. O-O Nh6 6. Nc3 Nf5 7. e3 e6 8. b3 O-O
9. Bb2 b6 10. Qc2 Bb7 1/2-1/2

[Event "World Rapid Women 2019"]
[Site "Moscow RUS"]
[Date "2019.12.28"]
[Round "11.35"]
[White "Kovalevskaya, Ekaterina"]
[Black "Song, Yuxin"]
[Result "1/2-1/2"]
[WhiteTitle "IM"]
[BlackTitle "WIM"]
[WhiteElo "2407"]
[BlackElo "2299"]
[WhiteFideId "4116704"]
[BlackFideId "8614300"]
[EventDate "2019.12.26"]

1. Nf3 Nf6 2. g3 d5 3. Bg2 e6 4. O-O b5 5. b3 Bb7 6. c4 bxc4 7. bxc4 c5 8. cxd5
Bxd5 9. Nc3 Bc6 10. Ne5 Bxg2 11. Kxg2 Nbd7 12. Qa4 Bd6 13. Nxd7 Qxd7 14. Qxd7+
Kxd7 15. Rb1 Rab8 16. Ba3 Kc6 17. Na4 Rxb1 18. Rxb1 e5 19. Rc1 Nd7 20. e3 e4 21.
f3 f5 22. fxe4 fxe4 23. Nc3 Nf6 24. Na4 Nd7 25. Nc3 1/2-1/2

[Event "World Rapid Women 2019"]
[Site "Moscow RUS"]
[Date "2019.12.28"]
[Round "11.36"]
[White "Nurgali, Nazerke"]
[Black "Buksa, Nataliya"]
[Result "0-1"]
[WhiteTitle "WFM"]
[BlackTitle "IM"]
[WhiteElo "2336"]
[BlackElo "2403"]
[WhiteFideId "13711261"]
[BlackFideId "14123622"]
[EventDate "2019.12.26"]

1. d4 d5 2. Nf3 Nf6 3. c4 e6 4. Nc3 Nbd7 5. Bg5 h6 6. Bh4 c6 7. e3 g5 8. Bg3 Nh5
9. Bd3 Nxg3 10. hxg3 Bg7 11. Rc1 Nb6 12. b3 Qe7 13. Qe2 dxc4 14. bxc4 c5 15. O-O
Bd7 16. Rfd1 O-O-O 17. dxc5 Na4 18. Nxa4 Bxa4 19. Bc2 Bxc2 20. Qxc2 Qxc5 21.
Rxd8+ Rxd8 22. Qh7 Qa3 23. Rf1 Qc3 24. Qe4 Qd3 25. Qg4 Qc2 26. a3 Kb8 27. Ne1
Qc3 28. a4 f5 29. Qh5 Qxc4 30. Qf7 Bc3 31. Nf3 g4 32. Nh4 a5 33. Ng6 Qxa4 34.
Qxe6 Rd1 35. Rxd1 Qxd1+ 36. Kh2 Qd3 37. Ne7 Bb4 38. Nd5 Qe4 39. Qd7 Ka7 40. Qd8
Qe6 41. Nc7 Qc6 42. Qd4+ Bc5 43. Qd8 a4 44. Nd5 Bb6 45. Qg8 a3 46. Nb4 Qc3 47.
Na2 Qc2 48. Kg1 h5 49. Qe6 h4 0-1

[Event "World Rapid Women 2019"]
[Site "Moscow RUS"]
[Date "2019.12.28"]
[Round "11.37"]
[White "Bodnaruk, Anastasia"]
[Black "Serikbay, Assel"]
[Result "1-0"]
[WhiteTitle "IM"]
[BlackTitle "WIM"]
[WhiteElo "2413"]
[BlackElo "2286"]
[WhiteFideId "4181751"]
[BlackFideId "13706799"]
[EventDate "2019.12.26"]

1. e4 c5 2. Nc3 e6 3. Nge2 Nc6 4. g3 Nge7 5. Bg2 g6 6. d4 cxd4 7. Nxd4 a6 8. Be3
Bg7 9. O-O O-O 10. h3 d5 11. exd5 exd5 12. Re1 Ne5 13. b3 Be6 14. Nce2 Qd7 15.
Nf4 Rad8 16. Qe2 N5c6 17. Rad1 Rfe8 18. Ndxe6 fxe6 19. Bb6 Rc8 20. Qxe6+ Qxe6
21. Rxe6 Nb4 22. Nxd5 Nexd5 23. Bxd5 Nxd5 24. Rxe8+ Rxe8 25. Rxd5 Re7 26. a4 Kf7
27. Be3 Ke6 28. Rc5 Rd7 29. Kg2 Be5 30. Rc8 Bc7 31. Kf3 h5 32. Ke4 Kf7 33. f4
Re7+ 34. Kf3 Ke6 35. g4 hxg4+ 36. hxg4 Bd6 37. Bc5 Bxc5 38. Rxc5 Rh7 39. a5 Rh3+
40. Ke4 Rh4 41. Re5+ Kf7 42. g5 Rh2 43. Rc5 Ke6 44. Rc7 Re2+ 45. Kf3 Rd2 46. c3
Ra2 47. b4 Rc2 48. Kg4 Kd5 49. Rxb7 Rxc3 50. Rb6 Rb3 51. Rxg6 1-0

[Event "World Rapid Women 2019"]
[Site "Moscow RUS"]
[Date "2019.12.28"]
[Round "11.38"]
[White "Dordzhieva, Dinara"]
[Black "Mikhaylova, Irina"]
[Result "1-0"]
[WhiteTitle "WIM"]
[BlackTitle "WGM"]
[WhiteElo "2314"]
[BlackElo "2288"]
[WhiteFideId "24157570"]
[BlackFideId "4109040"]
[EventDate "2019.12.26"]

1. d4 Nf6 2. c4 g6 3. Nc3 d5 4. cxd5 Nxd5 5. g3 Bg7 6. Bg2 Nxc3 7. bxc3 O-O 8.
Nf3 c5 9. O-O cxd4 10. cxd4 Nc6 11. Bb2 e6 12. Rc1 Qa5 13. Qb3 Rd8 14. e3 Qb4
15. Rc2 a5 16. Rfc1 a4 17. Qd3 a3 18. Bc3 Qa4 19. Qe2 Bd7 20. Ng5 Nb4 21. Rd2
Nd5 22. Ba1 Rac8 23. Rb1 b5 24. Ne4 Bf8 25. Nc5 Bxc5 26. dxc5 Rxc5 27. Bxd5 Rxd5
28. Rxd5 exd5 29. Bd4 Qa6 30. Qf3 Qe6 31. Rc1 Rc8 32. Rxc8+ Bxc8 33. h4 Qf5 34.
Qd1 Be6 35. Bc5 f6 36. Bxa3 Qe4 37. Kh2 d4 38. Qxd4 Qxd4 39. exd4 Bxa2 40. Kg2
Kf7 41. Kf3 Ke6 42. Ke3 Kd5 43. Kd3 Bc4+ 44. Kc3 Ke4 45. Be7 f5 46. Bg5 Kd5 47.
Be3 Be2 48. Kb4 Bf1 49. Kc3 Be2 50. Kb4 Bf1 1-0

[Event "World Rapid Women 2019"]
[Site "Moscow RUS"]
[Date "2019.12.28"]
[Round "11.39"]
[White "Mamedjarova, Turkan"]
[Black "Munkhzul, Turmunkh"]
[Result "1/2-1/2"]
[WhiteTitle "WGM"]
[BlackTitle "WIM"]
[WhiteElo "2310"]
[BlackElo "2278"]
[WhiteFideId "13402005"]
[BlackFideId "4901878"]
[EventDate "2019.12.26"]

1. d4 Nf6 2. c4 e6 3. Nc3 Bb4 4. Qc2 d5 5. cxd5 Qxd5 6. Nf3 Qf5 7. Qxf5 exf5 8.
Bd2 c6 9. e3 Nbd7 10. Bd3 Nb6 11. a3 Bd6 12. O-O O-O 13. b4 a6 14. Rfb1 h6 15.
a4 Be6 16. b5 axb5 17. axb5 Rxa1 18. Rxa1 Ra8 19. Rxa8+ Nxa8 20. bxc6 bxc6 21.
Ba6 Nb6 22. Bb7 Bd7 23. Kf1 Kf8 24. Ke2 Ke7 25. h3 Kd8 26. Ba6 Be6 27. Bd3 Ke7
28. Nh4 g6 29. Nf3 Nbd5 30. Nxd5+ Bxd5 31. Ne1 Ne4 32. Ba5 c5 33. dxc5 Nxc5 34.
Bb4 Ke6 35. Bb5 g5 36. Nf3 Ne4 37. Nd4+ Kf6 38. Bxd6 Nxd6 39. Bc6 Bxc6 40. Nxc6
Ne4 1/2-1/2

[Event "World Rapid Women 2019"]
[Site "Moscow RUS"]
[Date "2019.12.28"]
[Round "11.40"]
[White "Mamedjarova, Zeinab"]
[Black "Nomin-Erdene, Davaademberel"]
[Result "0-1"]
[WhiteTitle "WGM"]
[BlackTitle "IM"]
[WhiteElo "2278"]
[BlackElo "2425"]
[WhiteFideId "13401521"]
[BlackFideId "4900782"]
[EventDate "2019.12.26"]

1. d4 f5 2. g3 Nf6 3. Bg2 g6 4. Nh3 Bg7 5. Nf4 Nc6 6. h4 e5 7. dxe5 Nxe5 8. h5
c6 9. Be3 gxh5 10. Bd4 Qe7 11. Nxh5 Nxh5 12. Rxh5 d5 13. c3 Be6 14. a4 a6 15. a5
O-O-O 16. Bb6 Rde8 17. Na3 Qf7 18. Rh1 f4 19. gxf4 Qxf4 20. Be3 Qf7 21. Qa4 Ng4
22. Bc5 Bd7 23. Qb4 Bf8 24. Qb6 Bxc5 25. Qxc5 Rhf8 26. Rf1 Kb8 27. Nc2 Ne5 28.
O-O-O Nc4 29. b3 Ne5 30. Kb2 Bf5 31. Nd4 Bg6 32. Bh3 Qe7 33. Qb6 Ka8 34. Ne6 Rf7
35. f4 Nd7 36. Nc7+ Kb8 37. Nxa6+ Ka8 38. Nc7+ Kb8 39. Bxd7 Qxe2+ 40. Ka3 Rxd7
41. Nxe8 Qxe8 42. f5 Bf7 43. Qc5 Re7 44. Rd4 Re5 45. a6 Qe7 46. Qxe7 Rxe7 47.
axb7 Kxb7 48. Rg4 h5 49. Rg7 Kc7 50. f6 Rd7 51. Re1 Kd6 52. Re7 Rxe7 53. fxe7
Kxe7 54. Kb4 Kf6 55. Rg2 h4 56. Kc5 Be8 57. Rg4 h3 58. Rh4 Bd7 59. Kd6 Kg5 60.
Rh8 Bg4 61. Rf8 h2 62. Rf1 Bf3 63. Kxc6 d4+ 64. Kc5 dxc3 65. Kd4 c2 66. Kd3 Bg2
67. Re1 Kf4 68. Kxc2 Kf3 69. Kd2 Kf2 70. Re2+ Kg1 71. Re1+ Bf1 72. Re3 h1=Q 73.
b4 Kf2 74. Rc3 Qd5+ 75. Kc1 Qd4 76. Rc2+ Be2 77. Rb2 Ke1 78. Kb1 Bc4 0-1

[Event "World Rapid Women 2019"]
[Site "Moscow RUS"]
[Date "2019.12.28"]
[Round "11.41"]
[White "Muetsch, Annmarie"]
[Black "Ovod, Evgenija"]
[Result "0-1"]
[WhiteTitle "WIM"]
[BlackTitle "IM"]
[WhiteElo "2227"]
[BlackElo "2362"]
[WhiteFideId "12971367"]
[BlackFideId "4131827"]
[EventDate "2019.12.26"]

1. e4 e6 2. d4 d5 3. Nd2 c5 4. exd5 Qxd5 5. Ngf3 cxd4 6. Bc4 Qd7 7. O-O Nf6 8.
Nb3 Nc6 9. Nbxd4 Nxd4 10. Nxd4 a6 11. Re1 Bc5 12. Be3 O-O 13. c3 b5 14. Be2 Qc7
15. Bf3 Nd5 16. Bxd5 exd5 17. Qf3 Bd6 18. Qh5 g6 19. Qh6 Bd7 20. Qh4 Rfe8 21.
Bg5 Re4 22. Rxe4 dxe4 23. Qxe4 Bxh2+ 24. Kh1 Re8 25. Qh4 Bd6 26. Bf6 Bf8 27. Rd1
Qb7 28. Kg1 Re4 29. Qg3 Rg4 30. Qf3 Qc7 31. Ne2 h5 32. Bd4 Qc6 33. Qxc6 Bxc6 34.
g3 Bf3 35. Re1 h4 36. Kh2 Re4 37. Be3 Bxe2 38. Rxe2 Bd6 39. Kg2 hxg3 40. Kf3
gxf2 41. Rxf2 Rxe3+ 0-1